| 000 | 01209nam a2200265Ia 4500 | ||
|---|---|---|---|
| 003 | OSt | ||
| 005 | 20221005104741.0 | ||
| 006 | a|||||r|||| 00| 0 | ||
| 007 | ta | ||
| 008 | 221004b |||||||| |||| 00| 0 hin d | ||
| 020 |
_a9789380172279 (pbk) _c360 |
||
| 024 | _a8513 | ||
| 037 |
_b20476, 08/01/2014, Hindi Madhyam Karyanvyan Nideshalye _cTextual |
||
| 040 |
_aCRL _cCRL _bhin |
||
| 041 |
_2hin _ahin |
||
| 082 | _aWv2, 152Q0 | ||
| 100 | _aत्यागी, रूचि, संपा. | ||
| 245 | 0 |
_aभारतीय राजनीतिक चिंतन _b प्रमुख अवधारणाएॅं एवं चिंतक |
|
| 246 | _aBhāratīya rājanītik chiantana: pramukh avadhāraṇāeॅan evan chiantaka | ||
| 260 |
_aदिल्ली _bविश्वविद्यालय हिन्दी माध्यम कार्यान्वय निदेशालय भारत _c2010 |
||
| 300 |
_a492पृ0 _ccm. |
||
| 650 | _aभारतीय राजनीति | ||
| 942 |
_hWv2, 152Q0 _cTEXL _2cc |
||
| 999 |
_c1013672 _d1013672 |
||